Statistics for Guess the Location #1

Click here to take the quiz!

General Stats

  • This quiz has been taken 41 times
  • The average score is 11 of 15

Answer Stats

Populated PlacesSovereign
State?
ContinentFirst
Letter
Location% Correct
Göteborg, Malmö, UppsalaYEuropeSSweden
97%
Split, Rijeka, OsijekYEuropeCCroatia
95%
Cork, Limerick, GalwayYEuropeIIreland
95%
Puente Alto, Antofagasta, Vina del MarYS. Amer.CChile
90%
Mafeteng, Leribe, MaputsoeYAfricaLLesotho
90%
Port-Gentil, Franceville, OyemYAfricaGGabon
87%
Santa Ana, Soyapango, San MiguelYN. Amer.EEl Salvador
82%
Bafatá, Gabú, BissorãYAfricaGGuinea-Bissau
82%
Baitsi, Anabar, UaboeYOceaniaNNauru
82%
Speightstown, Oistins, BathshebaYN. Amer.BBarbados
79%
Bimbo, Mbaïki, BerbératiYAfricaCCentral African Republic
59%
Fuvahmulah, Hithadhoo, KulhudhuffushiYAsiaMMaldives
59%
Le Lamentin, Le Robert, Sainte-MarieNN. Amer.MMartinique
51%
Matā’utu, Leava, AloNOceaniaWWallis and Futuna
38%
AdamstownNOceaniaPPitcairn Islands
31%

Score Distribution

Percentile by Number Answered

Percent of People with Each Score

Your Score History

You have not taken this quiz